Polacy grający kiedykolwiek w La Lidze. - Statystyki

Ogólne statystyki
  • Ten quiz został rozwiązany 158 razy
  • Średni wynik to 7 z 20
Statystyki odpowiedzi
Klub Pozycja Odpowiedź % Poprawnych
Real Madryt Bramkarz Dudek
89%
Sevilla Defensywy pomocnik Krychowiak
86%
Elche i Deportivo La Coruna Bramkarz Tytoń
71%
Racing Santander Środkowy napastnik Smolarek
57%
Osasuna i Atletico Madryt Środkowy napastnik Kosecki
55%
Real Betis Środkowy napastnik Kowalczyk
52%
Eibar Prawy napastnik Kądzior
50%
Osasuna i Real Valladolid Ofensywny pomocnik Urban
49%
Malaga Prawy napastnik Pawłowski
37%
Deportivo La Coruna Defensywy pomocnik Wilk
35%
Logrones Defensywy pomocnik Lewandowski
30%
Levante Środkowy obrońca Dudka
21%
Hercules Bramkarz Tomaszewski
19%
Osasuna Napastnik Trzeciak
16%
Sporting Gijon Środkowy napastnik Kucharski
10%
Osasuna Lewy napastnik Ziober
10%
Osasuna Pomocnik Staniek
9%
Getafe Defensywy pomocnik Polanski
7%
Merida Środkowy napastnik Podbrożny
6%
Girona Bramkarz Lizak
0%
Nie znaleziono quizów pasujących do podanych kryteriów
Rozkład punktacji
Procent ludzi z każdym wynikiem
Percentyl według liczby udzielonych odpowiedzi
Twoja historia wyników
Nie rozwiązałeś tego quizu